000 01562cam a22003495a 4500
003 EG-ScBUE
005 20220512142404.0
008 180829t1992 nyua f 001 0 eng d
020 _a0679400303
020 _a9780679400301
040 _aEG-ScBUE
_beng
_erda
_cEG-ScBUE
_dEG-ScBUE
082 0 4 _a423.1
_bGLA
_222
100 1 _aGlazier, Stephen,
_eauthor.
245 1 0 _aRandom House word menu /
_cby Stephen Glazier.
246 3 0 _aWord menu
264 1 _aNew York :
_bRandom House,
_c[1992]
264 4 _cc1992
300 _axxx, 977 pages ;
_c25 cm
336 _2rdacontent
_atext
_btxt
337 _2rdamedia
_aunmediated
_bn
338 _2rdacarrier
_avolume
_bnc
500 _aIncludes index.
520 _aThe ultimate word and idea resource for anyone who is curious about language or wants to write creatively. Like a fantastic restaurant menu with hundreds of vocabulary categories and thousands of tempting choices. More than a dictionary, the Random House Word Menu arranges words in a logical structure - with nearly 800 divisions and 75,000 entries. More than a thesaurus, it also provides definitions - describing
650 7 _aEnglish language
_xGlossaries, vocabularies, etc.
_2BUEsh
650 7 _aEnglish language
_xSynonyms and antonyms.
_2BUEsh
_919528
650 7 _aEnglish language
_xTerms and phrases.
_2BUEsh
651 _2BUEsh
653 _bHHUUEENN
_cSeptember2018
655 _vReading book
_934232
856 4 2 _3Publisher description
_uhttp://www.loc.gov/catdir/description/random0410/92013539.html
942 _2ddc
_cBB
999 _c7298
_d7298